Läkartidningen (Post nr. 4928)
[ visa ren ]
| 000 -LEADER | |
|---|---|
| fixed length control field | 00454 as a2200181 a 4500 |
| 001 - CONTROL NUMBER | |
| control field | 61780 |
| 008 - FIXED-LENGTH DATA ELEMENTS--GENERAL INFORMATION | |
| fixed length control field | s 9999sw |||p r|||||||||||swe|| |
| 022 ## - INTERNATIONAL STANDARD SERIAL NUMBER | |
| International Standard Serial Number | 0023-7205 |
| 084 ## - OTHER CLASSIFICATION NUMBER | |
| Classification number | (p) |
| Number source | kssb/8 |
| 245 00 - TITLE STATEMENT | |
| Title | Läkartidningen |
| 260 ## - PUBLICATION, DISTRIBUTION, ETC. | |
| Name of publisher, distributor, etc. | Läkartidningen förlag AB, |
| 310 ## - CURRENT PUBLICATION FREQUENCY | |
| Current publication frequency | 36 Nr / år |
| 500 ## - GENERAL NOTE | |
| General note | Går ut på cirkulation och sätts sedan ut i läsrummet. |
| 762 0# - SUBSERIES ENTRY | |
| Record control number | 61781 |
| 762 0# - SUBSERIES ENTRY | |
| Record control number | 64631 |
| 762 0# - SUBSERIES ENTRY | |
| Record control number | 69055 |
Inga exemplar finns tillgängliga.